Solve the Captcha - Statistics

General Stats
  • This quiz has been taken 44 times
    43 since last reset
  • The average score is 13 of 16
Answer Stats
Picture Answer % Correct
CCAtpAH
89%
Het2hev
89%
khYn3
86%
L88rB6
86%
MMOh5Schu
86%
OGBMbY4
86%
si3PjER
86%
P4Su8x
84%
Tu67VaKN5
84%
d4Oxfgu5
81%
wqMm9
81%
za9TCEh
81%
di7Leml
78%
5k3tC4OA
76%
Qru8SW
76%
I8SaasZ
70%
No matching quizzes found
Score Distribution
Percent of People with Each Score
Percentile by Number Answered
Your Score History
You have not taken this quiz since the last reset